Super Smash Bros. for 3DS Stages - Statistics

General Stats
  • This quiz has been taken 44 times
  • The average score is 20 of 33
Answer Stats
Franchise Stage % Correct
Super Smash Bros. Battlefield
85%
Super Smash Bros. Final Destination
85%
Kirby Dream Land
81%
Kirby Dream Land (64)
81%
Punch-Out!! Boxing Ring
73%
Fire Emblem Arena Ferox
69%
F-Zero Mute City
65%
Pac-Man Pac-Maze
65%
Pokémon Unova Pokémon League
65%
Super Mario 3D Land
62%
Balloon Fight Balloon Fight
62%
Nintendogs Living Room
62%
Super Mario Rainbow Road
62%
Tomodachi Life Tomodachi Life
62%
Mega Man Wily Castle
62%
Duck Hunt Duck Hunt
58%
Xenoblade Chronicles Gaur Plain
58%
The Legend of Zelda Hyrule Castle (64)
58%
DS PictoChat 2
58%
Find Mii Find Mii
54%
Super Mario Golden Plains
54%
Super Mario Peach’s Castle (64)
54%
Super Mario Super Mario Maker
54%
Street Fighter Suzaku Castle
54%
Animal Crossing Tortimer Island
54%
Bayonetta Umbra Clock Tower
54%
The Legend of Zelda Gerudo Valley
50%
Earthbound Magicant
50%
Final Fantasy Midgar
46%
Super Mario Paper Mario
46%
Pokémon Prism Tower
46%
The Legend of Zelda Spirit Train
46%
Kid Icarus Reset Bomb Forest
42%
No matching quizzes found
Score Distribution
Percent of People with Each Score
Percentile by Number Answered
Your Score History
You have not taken this quiz